Central Library OPAC University of Rajshahi

অগ্রন্থিত রশীদ করিম (Record no. 74284)

MARC details
000 -LEADER
fixed length control field 00867nam a2200229 a 4500
001 - CONTROL NUMBER
control field 74284
003 - CONTROL NUMBER IDENTIFIER
rucl marc code BD-RjUL
005 - DATE AND TIME OF LATEST TRANSACTION
control field 20211209082530.0
008 - FIXED-LENGTH DATA ELEMENTS--GENERAL INFORMATION
fixed length control field 180527s2017 ||||| |||| 00| 0 ben d
020 ## - INTERNATIONAL STANDARD BOOK NUMBER
International Standard Book Number 9789849257110
Terms of availability Tk.450.00
035 ## - SYSTEM CONTROL NUMBER
System control number (BD-RjUL)74502
040 ## - CATALOGING SOURCE
Original cataloging agency BD-RjUL
Language of cataloging eng
Transcribing agency BD-RjUL
041 ## - LANGUAGE CODE
Language code of text/sound track or separate title ben
082 ## - DEWEY DECIMAL CLASSIFICATION NUMBER
Edition number 23
Classification number 891.4409
Author mark and year AGR 2017
245 ## - TITLE STATEMENT
Title অগ্রন্থিত রশীদ করিম
Statement of responsibility, etc. সম্পাদক ; হামিদ কায়সার
260 ## - PUBLICATION, DISTRIBUTION, ETC. (IMPRINT)
Place of publication, distribution, etc. ঢাকা :
Name of publisher, distributor, etc. জ়য়তী ,
Date of publication, distribution, etc. ২০১৭
300 ## - PHYSICAL DESCRIPTION
Pagination ২৪৭ পৃ. ;
Size ২২ সেমি.
650 ## - SUBJECT ADDED ENTRY--TOPICAL TERM
Topical term or geographic name as entry element বাংলা সাহিত্য
Form subdivision ইতিহাস ও সমালোচনা
9 (RLIN) 221483
Topical term or geographic name as entry element Bengali Literature
Form subdivision History and Criticism
9 (RLIN) 221484
700 ## - ADDED ENTRY--PERSONAL NAME
Personal name কায়সার ,হামিদ
942 ## - ADDED ENTRY ELEMENTS (KOHA)
Source of classification or shelving scheme Dewey Decimal Classification
Koha item type Books
Holdings
Lost status Source of classification or shelving scheme Damaged status Not for loan Collection code Permanent Location Current Location Shelving location Date acquired Source of acquisition Cost, normal purchase price Total Checkouts Full call number Date last seen Copy number Koha item type Date checked out
  Dewey Decimal Classification   Not For Loan Non-fiction Central Library, University of Rajshahi Central Library, University of Rajshahi Reading Room 27/03/2017 Rajshahi News home 450.00   B 891.4409 AGR 2017 27/05/2018 C-1 Books  
  Dewey Decimal Classification     Non-fiction Central Library, University of Rajshahi Central Library, University of Rajshahi   27/03/2017 Rajshahi News home 450.00 1 B 891.4409 AGR 2017 17/12/2018 C-2 Books 29/11/2018